Rapidité : réécris le mot - Statistiques

Statistiques générales
  • Ce quiz a été pris 1 121 fois
  • Le résultat moyen est 11 sur 22
Statistiques - réponses
Bonne chance :) (: ecnahc ennoB % Correct
La La
98%
Canada Canada
94%
Tractopelle Tractopelle
94%
Brouhaha Brouhaha
88%
Minot Minot
87%
Mollusque Mollusque
86%
Manger Manger
82%
Abeille Abeille
79%
JetPunk JetPunk
70%
Cochon Cochon
67%
Rechercher Rechercher
51%
Abbaye Abbaye
50%
Porte-parole Porte-parole
32%
123456789 123456789
21%
Chaise Chaise
13%
Matin Matin
8%
yoyo yoyo
8%
Maboule Maboule
7%
Marx Marx
7%
outrecuidance outrecuidance
7%
Bouliste Bouliste
4%
anticonstitutionnellement anticonstitutionnellement
1%
Aucun quiz correspondant
Distribution des résultats
% des personnes avec chaque résultat
Percentile par nombre de réponses
Votre historique - résultats
Vous n’avez pas pris ce quiz